000 01220nam a22003737a 4500
003 CHAP
005 20220817044404.0
008 101028s2007 it a rn 00010 fre d
010 _a99622
011 _a100594
020 _a9789252057635
035 _a111280
040 _cCHAP
090 _aFolleto 17780f
110 2 _aFAO
245 1 4 _aL'état des ressources zoogénétiques pour l'alimentation et l'agriculture dans le monde - en bref
_c/editado por Dafydd Pilling y Barbara Rischkowsky
260 _aRome :
_bFAO,
_c2007
300 _a40 p. :
_bilus., gráfs., tablas
590 _aBATCH-UPD
_b10
_c20130110
_lUCH01
_h1153
590 _aBATCH-UPD
_b10
_c20130410
_lUCH01
_h0737
590 _aBATCH-UPD
_b10
_c20130914
_lUCH01
_h1504
590 _aCONVERSION
_b10
_c20130109
_lUCH01
_h1355
650 1 4 _aAnimales domesticos.
_95889
650 1 4 _aGanadería.
_944604
650 1 4 _aGanado.
_944888
650 1 4 _aGenética animal.
650 1 4 _aGermoplasma.
_947766
650 1 4 _aRecursos genéticos.
_995078
700 1 _aPilling, Dafydd
_e, ed.
_988075
700 1 _aRischkowsky, Barbara
_e, ed.
_997509
901 _aBK
942 _cFOLL
949 _aFolleto 17780f
_bBC
_cFAO
_d33724002078446
_eFAO1
_i111280
_sb
999 _c99622
_d99622